<?xml version="1.0" encoding="UTF-8"?>
<record
    xmlns:xsi="http://www.w3.org/2001/XMLSchema-instance"
    xsi:schemaLocation="http://www.loc.gov/MARC21/slim http://www.loc.gov/standards/marcxml/schema/MARC21slim.xsd"
    xmlns="http://www.loc.gov/MARC21/slim">

  <leader>00777nam a2200241 a 4500</leader>
  <datafield tag="999" ind1=" " ind2=" ">
    <subfield code="c">2116</subfield>
    <subfield code="d">2116</subfield>
  </datafield>
  <controlfield tag="001">5802</controlfield>
  <controlfield tag="003">BD-DhUAP</controlfield>
  <controlfield tag="005">20210128094557.0</controlfield>
  <controlfield tag="008">200220s2003    bg abc   be   000 0 eng    </controlfield>
  <datafield tag="020" ind1=" " ind2=" ">
    <subfield code="a">9843205774</subfield>
  </datafield>
  <datafield tag="040" ind1=" " ind2=" ">
    <subfield code="a">BD-DhUAP</subfield>
    <subfield code="c">BD-DhUAP</subfield>
    <subfield code="d">BD-DhUAP</subfield>
    <subfield code="b">Eng</subfield>
  </datafield>
  <datafield tag="082" ind1="0" ind2="0">
    <subfield code="a">REF 030.5492 BAN</subfield>
    <subfield code="2">23</subfield>
  </datafield>
  <datafield tag="245" ind1="0" ind2="0">
    <subfield code="a">Banglapedia :</subfield>
    <subfield code="b">national encyclopedia of Bangladesh /</subfield>
    <subfield code="c">edited by Sirajul Islam.</subfield>
  </datafield>
  <datafield tag="260" ind1=" " ind2=" ">
    <subfield code="a">Dhaka :</subfield>
    <subfield code="b">Asiatic Society of Bangladesh, </subfield>
    <subfield code="c">c2003.</subfield>
  </datafield>
  <datafield tag="300" ind1=" " ind2=" ">
    <subfield code="a">volumes :</subfield>
    <subfield code="b">illustrations ;</subfield>
    <subfield code="c">26 cm.</subfield>
  </datafield>
  <datafield tag="504" ind1=" " ind2=" ">
    <subfield code="a">Includes bibliographical references.</subfield>
  </datafield>
  <datafield tag="505" ind1=" " ind2=" ">
    <subfield code="a">V. 2--</subfield>
  </datafield>
  <datafield tag="651" ind1=" " ind2="0">
    <subfield code="a">Encyclopedias</subfield>
    <subfield code="z">Bangladesh.</subfield>
  </datafield>
  <datafield tag="700" ind1="1" ind2=" ">
    <subfield code="a">Islam, Sirajul</subfield>
  </datafield>
  <datafield tag="710" ind1="2" ind2=" ">
    <subfield code="a">Asiatic Society of Bangladesh.</subfield>
  </datafield>
  <datafield tag="942" ind1=" " ind2=" ">
    <subfield code="2">ddc</subfield>
    <subfield code="c">REF</subfield>
  </datafield>
  <datafield tag="952" ind1=" " ind2=" ">
    <subfield code="0">0</subfield>
    <subfield code="1">0</subfield>
    <subfield code="2">ddc</subfield>
    <subfield code="4">0</subfield>
    <subfield code="7">0</subfield>
    <subfield code="a">UAPCL</subfield>
    <subfield code="b">UAPCL</subfield>
    <subfield code="c">Reference Stacks </subfield>
    <subfield code="d">2020-02-20</subfield>
    <subfield code="o">REF 030.5492 BAN V-2</subfield>
    <subfield code="p">3010005802</subfield>
    <subfield code="r">2020-02-20</subfield>
    <subfield code="t">1</subfield>
    <subfield code="w">2020-02-20</subfield>
    <subfield code="y">REF</subfield>
  </datafield>
  <datafield tag="952" ind1=" " ind2=" ">
    <subfield code="0">0</subfield>
    <subfield code="1">0</subfield>
    <subfield code="2">ddc</subfield>
    <subfield code="4">0</subfield>
    <subfield code="7">0</subfield>
    <subfield code="a">UAPCL</subfield>
    <subfield code="b">UAPCL</subfield>
    <subfield code="c">Reference Stacks </subfield>
    <subfield code="d">2020-02-20</subfield>
    <subfield code="o">REF 030.5492 BAN V-2</subfield>
    <subfield code="p">3010005832</subfield>
    <subfield code="r">2020-02-20</subfield>
    <subfield code="t">2</subfield>
    <subfield code="w">2020-02-20</subfield>
    <subfield code="y">REF</subfield>
  </datafield>
  <datafield tag="952" ind1=" " ind2=" ">
    <subfield code="0">0</subfield>
    <subfield code="1">0</subfield>
    <subfield code="2">ddc</subfield>
    <subfield code="4">0</subfield>
    <subfield code="7">0</subfield>
    <subfield code="a">UAPCL</subfield>
    <subfield code="b">UAPCL</subfield>
    <subfield code="c">Reference Stacks </subfield>
    <subfield code="d">2020-02-20</subfield>
    <subfield code="o">REF 030.5492 BAN V-2</subfield>
    <subfield code="p">3010005812</subfield>
    <subfield code="r">2020-02-20</subfield>
    <subfield code="t">3</subfield>
    <subfield code="w">2020-02-20</subfield>
    <subfield code="y">REF</subfield>
  </datafield>
  <datafield tag="952" ind1=" " ind2=" ">
    <subfield code="0">0</subfield>
    <subfield code="1">0</subfield>
    <subfield code="2">ddc</subfield>
    <subfield code="4">0</subfield>
    <subfield code="7">0</subfield>
    <subfield code="a">UAPCL</subfield>
    <subfield code="b">UAPCL</subfield>
    <subfield code="c">Reference Stacks </subfield>
    <subfield code="d">2020-02-20</subfield>
    <subfield code="o">REF 030.5492 BAN V-2</subfield>
    <subfield code="p">3010005822</subfield>
    <subfield code="r">2020-02-20</subfield>
    <subfield code="t">4</subfield>
    <subfield code="w">2020-02-20</subfield>
    <subfield code="y">REF</subfield>
  </datafield>
  <datafield tag="952" ind1=" " ind2=" ">
    <subfield code="0">0</subfield>
    <subfield code="1">0</subfield>
    <subfield code="2">ddc</subfield>
    <subfield code="4">0</subfield>
    <subfield code="7">0</subfield>
    <subfield code="a">UAPCL</subfield>
    <subfield code="b">UAPCL</subfield>
    <subfield code="c">Reference Stacks </subfield>
    <subfield code="d">2020-02-20</subfield>
    <subfield code="o">REF 030.5492 BAN V-2</subfield>
    <subfield code="p">3010005842</subfield>
    <subfield code="r">2020-02-20</subfield>
    <subfield code="t">5</subfield>
    <subfield code="w">2020-02-20</subfield>
    <subfield code="y">REF</subfield>
  </datafield>
</record>
